000 00909nam a22003017a 4500
003 CHAP
005 20220329141646.0
008 971013s1971 r 00010 d
010 _a71753
011 _a72725
035 _a82281
040 _cCHAP
082 _a150
_bG3Y
100 0 0 _aGallup, Howard F.
_944467
245 _aInvitación a la psicología moderna
260 _aBuenos Aires :
_bPaidós,
_c1971
300 _a285 p.
490 _aBiblioteca de psicología general
590 _aBATCH-UPD
_b10
_c20130110
_lUCH01
_h0521
590 _aBATCH-UPD
_b10
_c20130410
_lUCH01
_h0159
590 _aBATCH-UPD
_b10
_c20130914
_lUCH01
_h0619
590 _aCONVERSION
_b10
_c20130109
_lUCH01
_h1339
650 1 4 _aPsicología.
_992597
830 0 _aBiblioteca de psicología general
_912342
901 _aBK
942 _cLIBRO
949 _a150 G3Y
_bBC
_cLIBRO
_d33724000829883
_eLIBRO
_h16732
_i82281
_mD AID
_si
999 _c71753
_d71753